[Event "Titled Tue 27th May Early"]
[Site "chess.com INT"]
[Date "2025.05.27"]
[Round "9"]
[White "Kosteniuk, Alexandra"]
[Black "Mizzi, Jack"]
[Result "1-0"]
[WhiteTitle "GM"]
[BlackTitle "CM"]
[WhiteElo "2479"]
[BlackElo "2086"]
[WhiteFideId "4128125"]
[BlackFideId "5602521"]
[EventDate "2025.05.27"]

1. e4 e5 2. Nf3 Nc6 3. Bb5 a6 4. Ba4 d6 5. d4 b5 6. Bb3 Nxd4 7. Nxd4 exd4 8. a4
Bb7 9. O-O Nf6 10. Re1 Be7 11. c3 O-O 12. cxd4 Nxe4 13. d5 Nf6 14. Nc3 b4 15.
Ne2 Qd7 16. Ng3 c6 17. dxc6 Qxc6 18. f3 Rfe8 19. Be3 Nd5 20. Bf2 Bg5 21. Ne4 Bh6
22. Qd4 Rac8 23. Rad1 Nf4 24. Nxd6 Rxe1+ 25. Rxe1 Rd8 26. Nxf7 Rxd4 27. Nd8+ Rd5
28. Nxc6 Bxc6 29. g3 Nh3+ 30. Kg2 Nxf2 31. Re5 Kf8 32. Bxd5 Bxd5 33. Rxd5 Be3
34. b3 Kf7 35. Rd6 Ke7 36. Rxa6 Nd3 37. a5 Nc1 38. Ra8 Nxb3 39. a6 Nd2 40. a7
Bxa7 41. Rxa7+ Kf6 42. Ra6+ 1-0

[Event "Titled Tue 27th May Early"]
[Site "chess.com INT"]
[Date "2025.05.27"]
[Round "9"]
[White "Sovetbekova, Nurai"]
[Black "Bozorov, Javohir"]
[Result "0-1"]
[WhiteTitle "WFM"]
[BlackTitle "FM"]
[WhiteElo "2007"]
[BlackElo "2093"]
[WhiteFideId "13801910"]
[BlackFideId "14216957"]
[EventDate "2025.05.27"]

1. d4 Nf6 2. c4 e5 3. dxe5 Ng4 4. Nf3 Bc5 5. e3 Nc6 6. Be2 O-O 7. Nbd2 Re8 8. b3
a5 9. Bb2 Ncxe5 10. O-O Ra6 11. h3 Nxf3+ 12. Nxf3 Nf6 13. Bd3 Qe7 14. Qc2 Ne4
15. Nd2 Nxd2 16. Qxd2 Rd6 17. Qc3 Qg5 18. Bc2 Rh6 19. Rad1 d6 20. Rd5 Qf6 21.
Qxf6 gxf6 22. Bc3 b6 23. Rfd1 Be6 24. R5d2 Kf8 25. Bd4 Ke7 26. Bxc5 bxc5 27. Kh2
f5 28. Re1 Rf6 29. Bd1 Rg8 30. Bf3 Kd7 31. e4 fxe4 32. Rxe4 a4 33. Rh4 h6 34.
bxa4 c6 35. a5 Ra8 36. Rb2 Kc7 37. Bg4 Bxc4 38. Bf3 Be6 39. Re4 Rxa5 40. Re3 d5
41. Reb3 Kd6 42. Rb8 d4 43. Rd8+ Kc7 44. Rbb8 Rxa2 0-1

[Event "Titled Tue 27th May Early"]
[Site "chess.com INT"]
[Date "2025.05.27"]
[Round "9"]
[White "Sadey, Rinoa Mariel"]
[Black "Redor, Menandro"]
[Result "0-1"]
[WhiteElo "1760"]
[BlackElo "2021"]
[WhiteFideId "5255945"]
[BlackFideId "5222010"]
[EventDate "2025.05.27"]

1. d4 d5 2. Nf3 Nf6 3. c4 e6 4. Nc3 g6 5. Bf4 Bg7 6. e3 O-O 7. Be2 Nbd7 8. O-O
c6 9. c5 Re8 10. h3 Ne4 11. Nxe4 dxe4 12. Nd2 f5 13. Nc4 Qe7 14. Nd6 Rf8 15. Nc4
e5 16. Bh2 Kh8 17. b4 f4 18. Bg4 exd4 19. Bxf4 d3 20. Bd6 Qf7 21. Rc1 Re8 22. f3
Nf6 23. Bxc8 Raxc8 24. fxe4 Qe6 25. e5 Ne4 26. Qxd3 Ng3 27. Rf3 Nf5 28. Rcf1
Rcd8 29. e4 Bf6 30. exf5 gxf5 31. exf6 b5 32. cxb6 axb6 33. f7 Qxf7 34. Rxf5 Qg6
35. Rf7 Qxd3 36. Be5+ Rxe5 37. Nxe5 Qd4+ 38. Kh1 Qxe5 39. R7f5 Qe4 40. R5f4 Qd5 0-1

[Event "Titled Tue 27th May Early"]
[Site "chess.com INT"]
[Date "2025.05.27"]
[Round "9"]
[White "Papacek, Stepan"]
[Black "Osiecki, Stanislaw"]
[Result "0-1"]
[WhiteTitle "FM"]
[BlackTitle "FM"]
[WhiteElo "2225"]
[BlackElo "1944"]
[WhiteFideId "301035"]
[BlackFideId "1102990"]
[EventDate "2025.05.27"]

1. e4 e6 2. d4 d5 3. e5 c5 4. c3 Nc6 5. Nf3 Qb6 6. g3 cxd4 7. cxd4 Nge7 8. Bh3
Nf5 9. Bxf5 exf5 10. O-O Be6 11. Nc3 Be7 12. a3 a5 13. Na4 Qc7 14. h4 b5 15. Nc5
Bxc5 16. dxc5 Nxe5 17. Nxe5 Qxe5 18. Re1 Qc7 19. Bf4 Qxc5 20. Rc1 Qb6 21. Bc7
Qb7 22. Bd6 Rd8 23. Bc5 Qd7 24. Qd4 f6 25. Re3 Kf7 26. Rce1 Rhe8 27. h5 Kg8 28.
h6 Qf7 29. hxg7 Kxg7 30. Qh4 Bd7 31. Re7 Rxe7 32. Rxe7 Rf8 33. Rxf7+ Rxf7 34.
Be3 Kf8 35. Qf4 a4 36. Qd6+ Kg7 37. Qxd5 h6 38. Bxh6+ Kg6 39. Bf4 Re7 40. Be3
Rh7 0-1

[Event "Titled Tue 27th May Early"]
[Site "chess.com INT"]
[Date "2025.05.27"]
[Round "9"]
[White "Mafra, Kaiser Luiz"]
[Black "Zgadzaj, Rafal"]
[Result "0-1"]
[WhiteTitle "CM"]
[BlackTitle "CM"]
[WhiteElo "2094"]
[BlackElo "1988"]
[WhiteFideId "2106698"]
[BlackFideId "1113712"]
[EventDate "2025.05.27"]

1. d4 d5 2. Nc3 Nf6 3. Bf4 Bf5 4. e3 e6 5. f3 Bd6 6. Nge2 O-O 7. g4 Nc6 8. gxf5
Bxf4 9. Nxf4 exf5 10. Bd3 Re8 11. Qd2 Qd6 12. O-O-O g6 13. Rhg1 Re7 14. Bxf5
Rae8 15. Bxg6 fxg6 16. Nxg6 hxg6 17. Rxg6+ Kf7 18. Rdg1 Rg8 19. Qg2 Rxg6 20.
Qxg6+ Kf8 21. Nb5 Qe6 22. Qh6+ Ke8 23. Rg8+ Kd7 24. Rg6 Rf7 25. e4 Ne7 26. Qf4
Ne8 27. Rxe6 Rxf4 28. exd5 Nxd5 29. Rh6 Rxf3 30. c4 Ndf6 31. Rh8 c6 32. Nc3 Rd3
33. Rh4 Rf3 34. Kc2 Ke6 35. h3 Kf5 36. Kd2 Nd6 37. Ke2 Rg3 38. Rh8 Nde4 39. Nxe4
Nxe4 40. d5 cxd5 41. cxd5 Rg2+ 42. Kd3 Rd2+ 43. Kc4 Rxb2 44. h4 Rxa2 45. h5 Nf6
46. Kc5 Rc2+ 47. Kd6 Rd2 48. Rf8 Rxd5+ 49. Ke7 Rd7# 0-1

[Event "Titled Tue 27th May Early"]
[Site "chess.com INT"]
[Date "2025.05.27"]
[Round "9"]
[White "Karvatskyi, Oleksii"]
[Black "Kosakowski, Jakub"]
[Result "0-1"]
[WhiteTitle "CM"]
[BlackTitle "GM"]
[WhiteElo "2248"]
[BlackElo "2530"]
[WhiteFideId "14191059"]
[BlackFideId "1185080"]
[EventDate "2025.05.27"]

1. Nc3 g5 2. d4 h6 3. h4 gxh4 4. Rxh4 Bg7 5. Nf3 d6 6. e4 Nd7 7. Bd3 e5 8. d5
Ne7 9. Be3 f5 10. exf5 Nf6 11. Qd2 Nxf5 12. Bxf5 Bxf5 13. O-O-O h5 14. Re1 Qd7
15. a4 a6 16. a5 O-O-O 17. Rb4 Ng4 18. Kb1 Kb8 19. Na4 Ka8 20. Qc3 Rb8 21. Bb6
Rhc8 22. Qb3 Qe8 23. Be3 Bd7 24. Nd2 Nxe3 25. fxe3 e4 26. Nc4 Bxa4 27. Rxa4 Qg6
28. Rb4 Rf8 29. Nd2 Qxg2 30. Nxe4 h4 31. Nc3 h3 32. Rh4 Rh8 33. Rxh8 Rxh8 34.
Nb5 axb5 35. Qxb5 Qd2 36. a6 Qxe1+ 37. Ka2 Rb8 38. axb7+ Rxb7 39. Qe8+ Ka7 40.
Qa4+ Kb6 41. Qc6+ Ka5 42. Qxb7 Qb4 0-1

[Event "Titled Tue 27th May Early"]
[Site "chess.com INT"]
[Date "2025.05.27"]
[Round "9"]
[White "Bogaudinov, Rushan"]
[Black "Naranjo Moreno, Antonio"]
[Result "0-1"]
[WhiteTitle "FM"]
[BlackTitle "FM"]
[WhiteElo "1912"]
[BlackElo "2289"]
[WhiteFideId "4129288"]
[BlackFideId "2278626"]
[EventDate "2025.05.27"]

1. e4 e5 2. Nc3 Nf6 3. g3 d5 4. exd5 Nxd5 5. Bg2 Nxc3 6. bxc3 Bd6 7. Nf3 O-O 8.
O-O c6 9. d3 Qc7 10. a4 Nd7 11. Re1 Re8 12. a5 Nf6 13. Bg5 Nd5 14. Qd2 Bf5 15.
Nh4 Be6 16. Be4 g6 17. Ng2 f5 18. Bf3 Bf7 19. a6 bxa6 20. Rxa6 Rab8 21. Rea1 e4
22. Be2 Rb7 23. Ne3 Reb8 24. Nc4 Rb1+ 25. Kg2 Rxa1 26. Rxa1 Bc5 27. d4 Bf8 28.
Ne3 Rc8 29. c4 Bb4 30. Qc1 f4 31. cxd5 fxe3 32. Bxe3 cxd5 33. Qb2 Bc3 34. Qa2
Bxa1 35. Qxa1 Qxc2 36. Bg4 Rf8 37. Qxa7 Qc6 38. Qe7 Re8 39. Qb4 Qf6 40. h4 h5 0-1

[Event "Titled Tue 27th May Early"]
[Site "chess.com INT"]
[Date "2025.05.27"]
[Round "9"]
[White "Yevchenko, Oleksandr"]
[Black "Dogan, Umut Anil"]
[Result "0-1"]
[WhiteTitle "CM"]
[BlackTitle "CM"]
[WhiteElo "2276"]
[BlackElo "2123"]
[WhiteFideId "14108267"]
[BlackFideId "51618060"]
[EventDate "2025.05.27"]

1. c4 e5 2. Nc3 Nc6 3. Nf3 Nf6 4. e3 Be7 5. d4 exd4 6. exd4 d5 7. cxd5 Nxd5 8.
Bc4 Be6 9. Bb3 O-O 10. O-O Qd7 11. Re1 Rad8 12. Bg5 Bxg5 13. Nxg5 Bg4 14. f3
Nxc3 15. bxc3 Bh5 16. Bc2 h6 17. Ne4 b6 18. Ba4 Qd5 19. Bb3 Qa5 20. Rc1 Bg6 21.
Qe2 Rfe8 22. Qf2 Ne7 23. Qg3 b5 24. Nc5 Qb6 25. Re5 Nf5 26. Qf4 Nd6 27. Rce1 Rf8
28. Re7 Bf5 29. Qe5 a5 30. h3 a4 31. Bd1 Bc8 32. Qe3 Nc4 33. Qe2 Qd6 34. Bc2 Be6
35. Qd3 Rfe8 36. R7xe6 fxe6 37. Qh7+ Kf8 38. Qh8+ Kf7 39. Qh7 Qg3 40. Qe4 Nd2
41. Qe2 Nc4 42. Rf1 Rd6 43. Qd3 e5 44. Ne4 Qg6 45. Nxd6+ Qxd6 46. dxe5 Rxe5 0-1

[Event "Titled Tue 27th May Early"]
[Site "chess.com INT"]
[Date "2025.05.27"]
[Round "9"]
[White "Radchenko, Alexey"]
[Black "Unver, Cumayi"]
[Result "0-1"]
[WhiteTitle "FM"]
[WhiteElo "2293"]
[BlackElo "2012"]
[WhiteFideId "4192362"]
[BlackFideId "6304940"]
[EventDate "2025.05.27"]

1. e4 d6 2. d4 Nf6 3. Bd3 e5 4. Ne2 Nc6 5. c3 Be7 6. O-O O-O 7. b4 a6 8. Bb2 Re8
9. a4 Bf8 10. b5 axb5 11. axb5 Rxa1 12. Bxa1 Nb8 13. Nd2 b6 14. f4 Nbd7 15. c4
exd4 16. Nxd4 Bb7 17. Re1 Nc5 18. Bc2 Nfxe4 19. Nxe4 Bxe4 20. Bxe4 Nxe4 21. Nf5
d5 22. Nh6+ gxh6 23. Rxe4 Bc5+ 24. Rd4 dxc4 25. Kh1 Bxd4 26. Bxd4 Qh4 27. g3 Qh3
28. Bc3 Qf5 29. Kg2 Qe4+ 30. Kh3 Qd3 31. Qg4+ Kf8 32. Qg7+ Ke7 33. Qf6+ Kd7 34.
Qc6+ Kd8 35. Bf6+ Re7 36. Qa8+ Kd7 37. Qc6+ Kd8 38. Kh4 Qd6 39. Bxe7+ Qxe7+ 40.
Kh5 Qc5+ 41. Kxh6 Qxc6+ 42. bxc6 c3 43. Kxh7 c2 44. h4 c1=Q 45. h5 Qe3 46. h6
Qxg3 47. f5 Qg5 48. f6 Qg6+ 49. Kh8 Qxh6+ 50. Kg8 Qg6+ 51. Kf8 Kc8 52. Ke7 b5
53. Ke8 b4 54. Ke7 b3 55. Kf8 b2 56. Ke7 b1=Q 57. Kf8 Qb4+ 58. Ke8 Qbe4+ 59. Kf8
Qb4+ 60. Ke8 Qg8# 0-1

[Event "Titled Tue 27th May Early"]
[Site "chess.com INT"]
[Date "2025.05.27"]
[Round "9"]
[White "Toncheva, Nadya"]
[Black "Shuvalova, Polina"]
[Result "0-1"]
[WhiteTitle "FM"]
[BlackTitle "IM"]
[WhiteElo "2332"]
[BlackElo "2494"]
[WhiteFideId "2924056"]
[BlackFideId "24171760"]
[EventDate "2025.05.27"]

1. Nf3 Nf6 2. c4 e6 3. g3 d5 4. cxd5 exd5 5. Bg2 Be7 6. O-O O-O 7. b3 c6 8. Bb2
a5 9. Nc3 Re8 10. d4 Bd6 11. Rc1 Bf5 12. Na4 Nbd7 13. Nh4 Be6 14. Qd3 Qe7 15. e3
Ne4 16. f3 Ng5 17. Rfe1 Bh3 18. Nf5 Qf6 19. Nxd6 Qxd6 20. Bxh3 Nxh3+ 21. Kg2 Ng5
22. Nc5 Nxc5 23. dxc5 Qh6 24. h4 Ne6 25. Qf5 a4 26. b4 Qg6 27. Qxg6 hxg6 28. a3
Nc7 29. Kf2 Nb5 30. g4 Re6 31. Rh1 Rae8 32. Rce1 f6 33. h5 gxh5 34. Rxh5 Kf7 35.
Rf5 Kg6 36. Rf4 Rh8 37. Kg3 Kf7 38. g5 Kg6 39. gxf6 gxf6 40. Rg1 Kf7 41. Rg4 Rh7
42. Kf4 Nc7 43. e4 Re8 44. Rg6 Re6 45. Rg8 dxe4 46. fxe4 Rh4+ 47. Kf3 Rh7 48. e5
fxe5 49. Ke4 Rh4+ 50. Kf5 Rf4+ 51. Kg5 Kxg8 52. Bxe5 Rf7 53. Kh5+ Kh7 54. Bxc7
Rh6+ 55. Kg4 Rg7+ 56. Kf3 Rxg1 0-1

[Event "Titled Tue 27th May Early"]
[Site "chess.com INT"]
[Date "2025.05.27"]
[Round "9"]
[White "Rushbrooke, Remy"]
[Black "Karpenko, Anton"]
[Result "0-1"]
[BlackTitle "CM"]
[WhiteElo "2090"]
[BlackElo "2218"]
[WhiteFideId "443590"]
[BlackFideId "34374353"]
[EventDate "2025.05.27"]

1. Nf3 c5 2. g3 b6 3. Bg2 Bb7 4. O-O Nf6 5. c4 e6 6. Nc3 a6 7. d4 cxd4 8. Qxd4
d6 9. b3 Nbd7 10. Bb2 Be7 11. e4 Qc7 12. Rfe1 O-O 13. Rad1 Rfd8 14. h3 Rac8 15.
Ba3 Nc5 16. e5 dxe5 17. Qxe5 Qxe5 18. Nxe5 Rxd1 19. Rxd1 Bxg2 20. Kxg2 Kf8 21.
Bxc5 Bxc5 22. Nd7+ Ke7 23. Nxc5 Rxc5 24. Na4 Rc6 25. Rc1 Nd7 26. b4 Ne5 27. c5
Nd3 28. cxb6 Rxc1 29. b7 Ne1+ 30. Kf1 Nf3+ 31. Ke2 Nd4+ 32. Kd2 Rc2+ 33. Kd3 Nc6
34. Kxc2 Nxb4+ 35. Kb3 Nc6 36. Nc5 Nb8 37. f4 Kd6 38. Kc4 Kc7 39. a4 Kb6 40. Kb4
Nc6+ 41. Kc4 Na5+ 42. Kd4 Nxb7 43. Nd7+ Kc7 44. Ne5 f6 45. Nf7 Nd6 46. Nh8 Nf5+
47. Kc4 Nxg3 48. Nf7 Nf5 0-1

[Event "Titled Tue 27th May Early"]
[Site "chess.com INT"]
[Date "2025.05.27"]
[Round "9"]
[White "Rustemov, Alexander"]
[Black "Gubajdullin, Alexei"]
[Result "1-0"]
[WhiteTitle "GM"]
[BlackTitle "FM"]
[WhiteElo "2525"]
[BlackElo "2227"]
[WhiteFideId "4119002"]
[BlackFideId "4141202"]
[EventDate "2025.05.27"]

1. d4 Nf6 2. c4 c5 3. d5 e6 4. Nc3 exd5 5. cxd5 d6 6. e4 g6 7. h3 a6 8. a4 Bg7
9. Bd3 O-O 10. Nf3 Qc7 11. O-O c4 12. Bc2 Nbd7 13. Be3 Rb8 14. Ba7 Ra8 15. Bd4
Rb8 16. a5 Nh5 17. Ra4 Bxd4 18. Qxd4 b5 19. axb6 Rxb6 20. Rxc4 Qb8 21. b3 Nf4
22. Qe3 Nh5 23. Re1 Ne5 24. Nxe5 dxe5 25. Ne2 Bd7 26. Rc3 Bb5 27. Bd3 Rc8 28.
Rec1 Rxc3 29. Rxc3 Kg7 30. Bxb5 Rxb5 31. g3 a5 32. Kg2 Rb4 33. f3 a4 34. bxa4
Rxa4 35. Rc2 Qb1 36. Qc1 Qb3 37. g4 Ra3 38. Rc3 Qb5 39. Qd2 Qxe2+ 40. Qxe2 Nf4+
41. Kf2 Rxc3 42. Qd2 Rd3 43. Qb2 f6 44. Qb7+ Kh6 45. h4 Rd2+ 46. Ke1 Rd3 47. Qe7
Rxf3 48. Qf8# 1-0

[Event "Titled Tue 27th May Early"]
[Site "chess.com INT"]
[Date "2025.05.27"]
[Round "9"]
[White "Toroptseva, Yevheniia"]
[Black "Daspres, Loic"]
[Result "0-1"]
[WhiteTitle "WFM"]
[BlackTitle "CM"]
[WhiteElo "2064"]
[BlackElo "2207"]
[WhiteFideId "34109374"]
[BlackFideId "20612281"]
[EventDate "2025.05.27"]

1. Nc3 g6 2. e4 Bg7 3. d4 d6 4. Be3 a6 5. Qd2 b5 6. a3 Bb7 7. g3 Nd7 8. Bg2 c5
9. Nge2 Rc8 10. O-O cxd4 11. Nxd4 Ba8 12. Rad1 Ngf6 13. Bh6 O-O 14. Bxg7 Kxg7
15. f4 Qb6 16. Kh1 Rc4 17. b3 Rc7 18. Nd5 Bxd5 19. exd5 Rfc8 20. Nc6 Nb8 21. c4
Nxc6 22. dxc6 bxc4 23. bxc4 Qc5 24. Qb4 Qxb4 25. axb4 Rb8 26. Rb1 Ng4 27. b5
axb5 28. cxb5 Rb6 29. Rf3 e6 30. Ra3 d5 31. h3 Nf6 32. Bf1 Rcxc6 33. bxc6 Rxb1
34. Kg2 Rc1 35. Ra6 Rc2+ 36. Kf3 Ne4 37. Bb5 Kf6 38. Ra7 Rc3+ 39. Ke2 Nxg3+ 40.
Kd2 Ne4+ 41. Ke2 Rc5 42. c7 Nd6 43. Bd7 Rc2+ 44. Kf3 Rc3+ 45. Kf2 Ne4+ 46. Kg2
Nd6 0-1

[Event "Titled Tue 27th May Early"]
[Site "chess.com INT"]
[Date "2025.05.27"]
[Round "9"]
[White "Khandhadia, Nivaan Rathin"]
[Black "Gavarrete, Nahun"]
[Result "1/2-1/2"]
[WhiteTitle "CM"]
[BlackTitle "FM"]
[WhiteElo "2112"]
[BlackElo "2281"]
[WhiteFideId "25753274"]
[BlackFideId "8400709"]
[EventDate "2025.05.27"]

1. d4 d5 2. c4 e6 3. Nf3 Nf6 4. Nc3 c6 5. e3 Bd6 6. Be2 Nbd7 7. O-O O-O 8. b3 b6
9. Bb2 Bb7 10. Qc2 Rc8 11. Bd3 Qc7 12. e4 dxe4 13. Nxe4 Nxe4 14. Bxe4 f5 15. Bd3
g6 16. Rfe1 Rce8 17. Ng5 Rf6 18. d5 e5 19. dxc6 Bxc6 20. f4 h6 21. fxe5 Bxe5 22.
Bxe5 Nxe5 23. Nh3 Qd6 24. Rad1 Qc5+ 25. Kh1 Rfe6 26. Nf4 Nxd3 27. Nxd3 Rxe1+ 28.
Rxe1 Rxe1+ 29. Nxe1 Qe5 30. Qf2 Qe4 31. h3 Kf7 32. Nf3 Kf6 33. Qd4+ Qxd4 34.
Nxd4 Bb7 35. Kg1 Ke5 36. Nb5 a6 37. Nc3 Kd4 38. Na4 b5 39. cxb5 axb5 40. Nb6 Kc3
41. a4 bxa4 42. bxa4 Kb4 43. Kf2 Ka5 44. Nd7 Bc6 45. Ne5 Be8 46. Kf3 Kxa4 47. g4
fxg4+ 48. hxg4 Kb5 49. g5 h5 50. Kg3 Kc5 51. Kh4 Kd5 52. Nf3 Ke4 53. Nd2+ Kf5
54. Nb3 Bf7 55. Nc5 Bd5 56. Nd3 Be4 57. Nc5 Bd5 58. Nd3 Be4 59. Nc5 Bd5 1/2-1/2

[Event "Titled Tue 27th May Early"]
[Site "chess.com INT"]
[Date "2025.05.27"]
[Round "9"]
[White "Brenke, Andreas"]
[Black "Chaulagain, Purusottam"]
[Result "0-1"]
[WhiteTitle "FM"]
[BlackTitle "CM"]
[WhiteElo "2349"]
[BlackElo "1898"]
[WhiteFideId "4602900"]
[BlackFideId "12300730"]
[EventDate "2025.05.27"]

1. d4 d5 2. c4 e6 3. Nc3 c6 4. e3 f5 5. Nf3 Nf6 6. Bd3 Bd6 7. O-O O-O 8. b3 Ne4
9. Ne2 Nd7 10. a4 a5 11. Ba3 Qe7 12. Bxd6 Qxd6 13. Qc2 Qe7 14. Rac1 g5 15. Ne5
Nxe5 16. dxe5 Bd7 17. f3 Nc5 18. cxd5 Nxd3 19. d6 Qg7 20. Qxd3 Qxe5 21. f4 gxf4
22. exf4 Qg7 23. Qd4 Rad8 24. Qe5 Kh8 25. Nd4 Rg8 26. Nf3 Be8 27. Ng5 Qxe5 28.
fxe5 Rg6 29. Nf3 Rg4 30. Rc4 h5 31. Rxg4 hxg4 32. Nd4 Bd7 33. Rc1 Ra8 34. g3 Ra6
35. Rc3 Rb6 36. Kf2 Rb4 37. Ke3 Kg7 38. Ne2 Re4+ 39. Kd3 Kf8 40. Nf4 Re1 41. Rc2
Rd1+ 42. Ke2 Rb1 0-1

[Event "Titled Tue 27th May Early"]
[Site "chess.com INT"]
[Date "2025.05.27"]
[Round "9"]
[White "Kochiev, Ivan"]
[Black "Karas, Eugenia"]
[Result "1-0"]
[WhiteTitle "CM"]
[BlackTitle "WFM"]
[WhiteElo "2138"]
[BlackElo "2124"]
[WhiteFideId "2917890"]
[BlackFideId "463485"]
[EventDate "2025.05.27"]

1. e4 c5 2. Nf3 d6 3. d4 cxd4 4. Nxd4 Nf6 5. f3 e5 6. Nb3 h5 7. c4 Be7 8. Be3
Be6 9. Nc3 Nbd7 10. Qd2 Rc8 11. Nd5 Bxd5 12. cxd5 b6 13. Rc1 Rxc1+ 14. Qxc1 O-O
15. Be2 Ne8 16. O-O f5 17. Qc6 f4 18. Bf2 Nc5 19. Nd2 Qd7 20. b4 Qxc6 21. dxc6
Ne6 22. a4 Kf7 23. a5 bxa5 24. b5 Nd4 25. Bxd4 exd4 26. Nb3 Bd8 27. Ra1 Bb6 28.
Kf1 Nc7 29. Nxa5 Kf6 30. Nc4 Bc5 31. Na5 d5 32. Bd3 dxe4 33. Bxe4 Nxb5 34. Rc1
Bb6 35. Nc4 Nc3 36. Bd3 Bc5 37. Nd2 Rc8 38. Ne4+ Nxe4 39. Bxe4 Bb6 40. Ke2 a5
41. Rb1 Bc5 42. Rb5 Bb4 43. Rxh5 a4 44. Rb5 Bc3 45. Rb6 a3 46. Ra6 Bb2 47. Kd3
Ke7 48. Ra7+ Kd6 49. Rd7+ 1-0

[Event "Titled Tue 27th May Early"]
[Site "chess.com INT"]
[Date "2025.05.27"]
[Round "9"]
[White "Ebrahimi Herab, Hamidreza"]
[Black "Khodashenas, Mersad"]
[Result "0-1"]
[WhiteTitle "FM"]
[BlackTitle "IM"]
[WhiteElo "2404"]
[BlackElo "2471"]
[WhiteFideId "22512888"]
[BlackFideId "12514195"]
[EventDate "2025.05.27"]

1. d4 d5 2. c4 dxc4 3. e4 e5 4. Nf3 exd4 5. Bxc4 Nc6 6. O-O Be6 7. Bb5 Bc5 8. b4
Bb6 9. a4 a6 10. Bxc6+ bxc6 11. a5 Ba7 12. Nbd2 Nf6 13. Bb2 O-O 14. Ne5 Qd6 15.
Nd3 Ng4 16. g3 Ne3 17. Qh5 Nxf1 18. Rxf1 Rab8 19. f4 f5 20. Rc1 c5 21. bxc5 Bxc5
22. e5 Qe7 23. Qf3 Ba3 24. Bxa3 Qxa3 25. Rxc7 Qxa5 26. Rc2 Rfc8 27. Rxc8+ Rxc8
28. Nf1 Qd5 29. Qd1 Bd7 30. Nd2 Bc6 31. Ne1 Qh1+ 32. Kf2 Qxh2+ 33. Kf1 Qxg3 34.
Qb3+ Qxb3 35. Nxb3 Bb5+ 36. Kf2 Rd8 37. Nf3 d3 38. Ke3 g6 39. Nfd4 Bc4 40. Kd2
Bxb3 41. Nxb3 Rd5 42. Na1 Kf7 43. Nb3 Ke6 44. Nc1 h6 45. Na2 Rd4 46. Nc3 Rxf4
47. Kxd3 Kxe5 0-1

[Event "Titled Tue 27th May Early"]
[Site "chess.com INT"]
[Date "2025.05.27"]
[Round "9"]
[White "Sarasketa Irastortza, Oier"]
[Black "Hehir, Michael"]
[Result "1-0"]
[WhiteTitle "CM"]
[WhiteElo "2190"]
[BlackElo "2009"]
[WhiteFideId "54728207"]
[BlackFideId "2047411"]
[EventDate "2025.05.27"]

1. d4 Nf6 2. c4 g6 3. Nf3 Bg7 4. g3 d6 5. Bg2 O-O 6. Nc3 c5 7. O-O Nc6 8. dxc5
dxc5 9. Be3 Qa5 10. Qa4 Qb4 11. a3 Qxb2 12. Nb5 Ne4 13. Rab1 Qf6 14. Nc7 Rb8 15.
Nd5 Qd6 16. Bf4 e5 17. Nxe5 Bxe5 18. Bxe4 Bxf4 19. Nxf4 Bd7 20. Rfd1 Qe7 21. Qc2
Nd4 22. Qd3 Bc6 23. Bxc6 bxc6 24. e3 Nf3+ 25. Kg2 Rfd8 26. Rxb8 Rxb8 27. Kxf3
Rb2 28. Qd8+ Qxd8 29. Rxd8+ Kg7 30. Rd7 Rc2 31. Rxa7 Rxc4 32. Rc7 Rc3 33. Rxc6
Rxa3 34. Rxc5 h6 35. h4 Ra2 36. Rc3 Ra5 37. Nd3 Rb5 38. Ke4 Ra5 39. Rc5 Ra2 40.
Rc7 Kf6 41. Rc6+ Kg7 42. f4 Rg2 43. Kf3 Rg1 44. Rc7 Kf6 45. e4 h5 46. Kf2 Rd1
47. e5+ 1-0

[Event "Titled Tue 27th May Early"]
[Site "chess.com INT"]
[Date "2025.05.27"]
[Round "9"]
[White "Wijerathna, Vinuka Dihain"]
[Black "Weetik, Vjacheslav"]
[Result "1-0"]
[WhiteTitle "CM"]
[BlackTitle "FM"]
[WhiteElo "2063"]
[BlackElo "2423"]
[WhiteFideId "29981905"]
[BlackFideId "4153472"]
[EventDate "2025.05.27"]

1. e4 c6 2. Nc3 d5 3. d4 dxe4 4. Nxe4 Nf6 5. Nxf6+ exf6 6. c3 Bd6 7. Bd3 O-O 8.
Qc2 Re8+ 9. Ne2 h6 10. Bd2 Nd7 11. O-O-O b5 12. Ng3 Nb6 13. Rhe1 Be6 14. Kb1 a5
15. Nf5 Bf8 16. Ne3 a4 17. Bc1 Rb8 18. Be4 Qd7 19. f4 b4 20. c4 b3 21. Qc3 Nxc4
22. Nxc4 Bb4 23. Qd3 Bxe1 24. Rxe1 Bxc4 25. Qxc4 Qg4 26. h3 Qg3 27. Re3 Qxf4 28.
Qd3 Kf8 29. Bf3 Rxe3 30. Bxe3 Qd6 31. a3 Re8 32. Qc3 Kg8 33. Bd2 Qh2 34. Qxc6
Qg1+ 35. Bc1 Re6 36. Qc8+ Kh7 37. d5 Re1 38. Qf5+ g6 39. Qf4 f5 40. Qxh6+ Kg8
41. Qf4 Qf1 42. Qd2 Re8 43. d6 Rd8 44. d7 Qb5 45. Qd5 1-0

[Event "Titled Tue 27th May Early"]
[Site "chess.com INT"]
[Date "2025.05.27"]
[Round "9"]
[White "Kislinsky, Alexey"]
[Black "Zhauynbay, Alimzhan"]
[Result "0-1"]
[WhiteTitle "GM"]
[BlackTitle "CM"]
[WhiteElo "2350"]
[BlackElo "2077"]
[WhiteFideId "14108801"]
[BlackFideId "13782657"]
[EventDate "2025.05.27"]

1. e4 c5 2. Nf3 d6 3. Bb5+ Nd7 4. O-O Nf6 5. Re1 a6 6. Bf1 e6 7. c3 Be7 8. d4
cxd4 9. cxd4 O-O 10. Nc3 e5 11. h3 b5 12. Nd5 Nxd5 13. exd5 Bf6 14. a4 Bb7 15.
axb5 axb5 16. Rxa8 Qxa8 17. Bxb5 Rd8 18. Bxd7 Rxd7 19. dxe5 dxe5 20. d6 e4 21.
Ng5 e3 22. Bxe3 Bxg2 23. Qg4 Bc6 24. Bc5 Bxb2 25. Ne6 fxe6 26. Qxe6+ Kf8 27.
Qf5+ Bf6 28. Qxh7 Bf3 29. Qf5 Qc6 30. Re7 Rxd6 31. Bxd6 Qxd6 32. Rd7 Qc6 33.
Rd8+ Ke7 34. Rc8 Qb7 35. Qc5+ Ke6 36. Qe3+ Kf5 37. Rc5+ Kg6 38. Rc1 Bd5 39. Qg3+
Kh7 40. h4 Bf7 41. h5 Bxh5 42. Qd3+ Bg6 43. Qh3+ Kg8 44. Rc8+ Kf7 45. Rc1 Qe7
46. Qh8 Qe5 47. Rc8 Qg5+ 48. Kf1 Bd3+ 49. Ke1 Qe5+ 50. Kd2 Qe2+ 51. Kc1 Qe1# 0-1

[Event "Titled Tue 27th May Early"]
[Site "chess.com INT"]
[Date "2025.05.27"]
[Round "9"]
[White "Lee, Kyungseok"]
[Black "Suvradeepta, Das"]
[Result "0-1"]
[WhiteTitle "CM"]
[BlackTitle "FM"]
[WhiteElo "2072"]
[BlackElo "2254"]
[WhiteFideId "13202154"]
[BlackFideId "5058031"]
[EventDate "2025.05.27"]

1. d4 d5 2. c4 e6 3. Nc3 Nf6 4. cxd5 Nxd5 5. Nf3 Be7 6. Bd2 O-O 7. e3 b6 8. Bd3
Bb7 9. O-O Nd7 10. e4 Nxc3 11. bxc3 c5 12. Qe2 Rc8 13. a4 Qc7 14. Rfb1 Rfd8 15.
h3 Nb8 16. Rc1 Nc6 17. d5 exd5 18. exd5 Rxd5 19. Bxh7+ Kxh7 20. Qe4+ Kg8 21.
Qxd5 Nd4 22. Qh5 Bxf3 23. gxf3 Nb3 24. Rab1 Nxd2 25. Rb2 Qf4 26. Kg2 Nxf3 27.
Rd1 Nh4+ 28. Kf1 Bf6 29. Re2 Nf5 30. Rd3 g6 31. Qg4 Qxg4 32. hxg4 Ng7 33. Rd7 a5
34. c4 Ne6 35. Rb7 Rc6 36. Re4 Kg7 37. f4 Bd4 38. Kg2 g5 39. f5 Nf4+ 40. Kf3 Nd3
41. Ree7 Ne5+ 42. Kg3 Rf6 43. Re8 Nxc4 44. Reb8 Be5+ 0-1